| 000 | 00767cab a2200253 4500 | ||
|---|---|---|---|
| 001 | ABS58290 | ||
| 008 | 090401t1998 xxu||||| |||| 00| 0 eng d | ||
| 035 | _a(Sirsi) u84254 | ||
| 041 | _aeng | ||
| 100 | _aCurwell, S. | ||
| 245 | 4 | _aThe implications of urban sustainability | |
| 260 | _c1998 | ||
| 350 | _a0 | ||
| 490 |
_aBuilding Research and Information _v26(1) January 1998, 17-28(12) |
||
| 520 | _aReviews current UK construction industry practice for sustainable development in cities. Tables. | ||
| 650 | _aENVIRONMENTAL ASSESSMENT | ||
| 650 | _aENVIRONMENTAL PROTECTION | ||
| 650 | _aSUSTAINABLE DEVELOPMENT | ||
| 650 | _aURBANISATION | ||
| 690 | _aPROPERTY-PROPERTY DEVELOPMENT | ||
| 700 | _aCooper, I. | ||
| 942 | _n0 | ||
| 948 | _c16/02/1998 | ||
| 999 |
_c52940 _d52940 |
||